000 00468nam a2200097Ia 4500
008 170517s9999 xx 000 0 und d
245 _aDigital Food
300 _aIt is estimated that by the year 2050, the world population will reach nine billion. Digital Food asks how we will feed this future population, and what steps can be taken today to prepare for those sustenance needs. The...
650 _xTechnology.
856 _uhttp://topdocumentaryfilms.com/digital-food/
999 _c335027
_d335027